| Tag |
First Indicator |
Second Indicator |
Subfields |
| LEADER |
00000nam a2200000 i 4500 |
| 001 |
in00004089310 |
| 005 |
20191030143926.0 |
| 006 |
m o d f |
| 007 |
cr bn||||||||| |
| 008 |
190927s2000 coua ob f000 0 eng c |
| 035 |
|
|
|a (OCoLC)on1121074412
|
| 042 |
|
|
|a pcc
|
| 043 |
|
|
|a n-us---
|
| 040 |
|
|
|a GPO
|b eng
|e rda
|e pn
|c GPO
|d MvI
|
| 049 |
|
|
|a WWW
|
| 074 |
|
|
|a 0629-E-12 (online)
|
| 086 |
0 |
|
|a I 53.20/2:26
|
| 245 |
0 |
0 |
|a Density dependence in population dynamics of feral horses /
|c by Stephen H. Jenkins.
|
| 264 |
|
1 |
|a Denver, CO :
|b U.S. Department of the Interior, Bureau of Land Management, National Science & Technology Center,
|c 2000.
|
| 300 |
|
|
|a 1 online resource (2 unnumbered pages) :
|b illustration.
|
| 336 |
|
|
|a text
|b txt
|2 rdacontent
|
| 337 |
|
|
|a computer
|b c
|2 rdamedia
|
| 338 |
|
|
|a online resource
|b cr
|2 rdacarrier
|
| 490 |
1 |
|
|a Resource notes ;
|v no. 26
|
| 588 |
|
|
|a Description based on online resource, PDF version; title from caption (BLM, viewed July 24, 2019).
|
| 500 |
|
|
|a "07/20/00."
|
| 500 |
|
|
|a "The fourth in a series of 13, Session 1"--Page 1.
|
| 504 |
|
|
|a Includes bibliographical references.
|
| 650 |
|
0 |
|a Wildlife management
|z United States.
|
| 650 |
|
0 |
|a Wild horses
|z United States.
|
| 650 |
|
0 |
|a Population biology
|z United States.
|
| 710 |
2 |
|
|a National Science and Technology Center (U.S.),
|e issuing body.
|
| 830 |
|
0 |
|a Resource notes (United States. Bureau of Land Management) ;
|v no. 26.
|
| 856 |
4 |
0 |
|u https://purl.fdlp.gov/GPO/gpo123459
|t 0
|
| 999 |
f |
f |
|s e1ffaf2f-b97d-3362-bdda-9cd8796c744a
|i 7a923e63-25c2-3086-a961-984b06b67872
|t 0
|
| 952 |
f |
f |
|a Texas A&M University
|b College Station
|c Electronic Resources
|d Available Online
|t 0
|e I 53.20/2:26
|h Superintendent of Documents classification
|
| 998 |
f |
f |
|a I 53.20/2:26
|t 0
|l Available Online
|